Számunk szerzői
Elmentve itt :
| Dokumentumtípus: | Cikk |
|---|---|
| Megjelent: |
1999
|
| Sorozat: | Aetas
14 No. 4 |
| Kulcsszavak: | Bagi Zoltán, Cieger András, Claudia Römer, Dariusz Kołodziejczyk, Dávid Géza, Feridun M. Emecen, Fodor Pál, Horváth Brigitta, Ivanics Mária, Markus Köhbach, Maróti Egon, Nenad Moačanin, Nótári Tamás, Novák Veronika, Papp Sándor, Tóth Ferenc, Tóth Sándor László, Vadkerti Mária, Velich Andrea, Vörös Gábor, Zakar Péter, Blumenthal Diána, Novák György, Redl Emőke, Történettudomány - folyóirat, Aetas |
| Online Access: | http://acta.bibl.u-szeged.hu/49509 |
| LEADER | 00919nab a2200169 i 4500 | ||
|---|---|---|---|
| 001 | acta49509 | ||
| 005 | 20260224081030.0 | ||
| 008 | 170719s1999 hu o 000 hun d | ||
| 022 | |a 0237-7934 | ||
| 040 | |a SZTE Egyetemi Kiadványok Repozitórium |b hun | ||
| 041 | |a hun | ||
| 245 | 0 | 0 | |a Számunk szerzői |h [elektronikus dokumentum] |
| 260 | |c 1999 | ||
| 300 | |a 213 | ||
| 490 | 0 | |a Aetas |v 14 No. 4 | |
| 695 | |a Bagi Zoltán, Cieger András, Claudia Römer, Dariusz Kołodziejczyk, Dávid Géza, Feridun M. Emecen, Fodor Pál, Horváth Brigitta, Ivanics Mária, Markus Köhbach, Maróti Egon, Nenad Moačanin, Nótári Tamás, Novák Veronika, Papp Sándor, Tóth Ferenc, Tóth Sándor László, Vadkerti Mária, Velich Andrea, Vörös Gábor, Zakar Péter, Blumenthal Diána, Novák György, Redl Emőke, Történettudomány - folyóirat, Aetas | ||
| 856 | 4 | 0 | |u http://acta.bibl.u-szeged.hu/49509/1/aetas_1999_004_213.pdf |z Dokumentum-elérés |